Sports Quiz

Random Sports or German Quiz

German Race Tracks Quiz Stats

 Plays Quiz not verified by Sporcle

Score 0/6 Timer 04:00
0 Plays Today
Opened Track % Correct
1932Hockenheimring
98.6%
1927Nürburgring
98.6%
2000EuroSpeedway Lausitz
67.1%
1947Norisring
55.5%
1997Motorsport Arena Oschersleben
54.8%
1927Sachsenring
50%

You're not logged in!

Compare scores with friends on all Sporcle quizzes.
OR
Log In

You Might Also Like...

Show Comments

Extras

Top Quizzes Today


Score Distribution

Your Account Isn't Verified!

In order to create a playlist on Sporcle, you need to verify the email address you used during registration. Go to your Sporcle Settings to finish the process.

Report this User

Report this user for behavior that violates our Community Guidelines.

Details: